Statistics for Provinces of Belgium - Map Quiz

Click here to take the quiz!

General Stats

  • This quiz has been taken 6,224 times
  • The average score is 8 of 11

Answers on the Map

Answers color-coded by a green-red scale on the quiz's map according to % correct below.
 

Answer Stats

Answer% Correct
Brussels
94%
Luxembourg
83%
Antwerp
80%
West Flanders
79%
East Flanders
78%
Flemish Brabant
75%
Wallon Brabant
71%
Liege
68%
Namur
64%
Limburg
62%
Hainaut
60%

Score Distribution

Percentile by Number Answered

Percent of People with Each Score

Your Score History

You have not taken this quiz